| 000 | 00715nam a2200241 a 4500 | ||
|---|---|---|---|
| 001 | 13049 | ||
| 003 | BD-RjUL | ||
| 005 | 20211208235410.0 | ||
| 008 | 140130s1985 ii aaf 001 0 eng d | ||
| 035 | _a(BD-RjUL)13099 | ||
| 040 |
_aBD-RjUL _beng _cBD-RjUL _dBD-RjUL |
||
| 041 | _aeng | ||
| 082 |
_a621.384135 _bPRA 1985 _223 |
||
| 100 | 1 |
_aPrasad, K. D. _938071 |
|
| 245 | 1 | 4 |
_aAntenna and Wave propagation / _cby K.D. Prasad. |
| 250 | _aReprit edition (corrected) | ||
| 260 |
_aNewDelhi : _bSaya Prokashan, _c1985. |
||
| 300 |
_axii , 794 p. : _bill.; _c23 cm. |
||
| 504 | _aIncludes bibliographical reference | ||
| 650 | 0 |
_aRadio _938234 _vAntenna |
|
| 650 | 0 |
_aRadio Wave Propagation _9228096 |
|
| 942 |
_2ddc _cBK |
||
| 999 |
_c13049 _d13049 |
||